Music Quiz

Random Music or Album Quiz

Rihanna's Albums Quiz Stats

Quiz not verified by Sporcle

Challenge
Share
Tweet
Embed
Score 0/6 Timer 10:00
0 Plays Today
Date Released Album Name % Correct
November 12, 2010Loud
96.8%
May 30, 2007Good Girl Gone Bad
94.7%
November 20, 2009Rated R
92.6%
November 18, 2011Talk That Talk
91%
August 26, 2005Music of the Sun
83.5%
April 19, 2006A Girl Like Me
81.9%

You're not logged in!

Compare scores with friends on all Sporcle quizzes.
Sign Up with Email
OR
Log In

You Might Also Like...

Show Comments

Extras

Top Quizzes Today


Score Distribution

Your Account Isn't Verified!

In order to create a playlist on Sporcle, you need to verify the email address you used during registration. Go to your Sporcle Settings to finish the process.

Report this User

Report this user for behavior that violates our Community Guidelines.

Details: